Xung đột tâm lý giữa cha mẹ và con lứa tuổi học sinh THCS về nhu cầu độc lập /

Zapisane w:
Opis bibliograficzny
1. autor: Đỗ Hạnh Nga.
Format: Artykuł
Język:Vietnamese
Hasła przedmiotowe:
Etykiety: Dodaj etykietę
Nie ma etykietki, Dołącz pierwszą etykiete!
Thư viện lưu trữ: Thư viện Trường Đại học Đà Lạt
LEADER 00873nam a2200313 4500
001 DLU060053658
040 # # |a DLU  |b vie 
041 # # |a vie 
044 # # |a vn 
100 # # |a Đỗ Hạnh Nga. 
245 # # |a Xung đột tâm lý giữa cha mẹ và con lứa tuổi học sinh THCS về nhu cầu độc lập /  |c Đỗ Hạnh Nga.. 
653 # # |a Cha mẹ 
653 # # |a Con cái 
653 # # |a Hành vi 
653 # # |a Tâm lý 
653 # # |a Tâm lý học lứa tuổi 
653 # # |a Xung đột 
773 # # |t Tâm lý học  |g Số 5, 2006, tr. 35-41 
920 # # |a Phòng Tạp chí -- Trung tâm Thông tin - Thư viện Trường Đại học Đà Lạt 
933 # # |a SP 
994 # # |a DLU 
900 # # |a True 
911 # # |a Nguyễn Thị Minh Cầm 
925 # # |a G 
926 # # |a A 
927 # # |a BB 
980 # # |a Thư viện Trường Đại học Đà Lạt